| 000 | 00964nam a2200277 i 4500 | ||
|---|---|---|---|
| 003 | EG-ScBUE | ||
| 005 | 20230528102319.0 | ||
| 008 | 101206t2009 sp a f 000 0 eng d | ||
| 020 | _a8496954730 | ||
| 020 | _a9788496954731 | ||
| 040 |
_aEG-ScBUE _beng _erda _cEG-ScBUE _dEG-ScBUE |
||
| 082 | 0 | 4 |
_a720 _bMOU _222 |
| 100 | 1 |
_921456 _aMoussavi, Farshid, _eauthor. |
|
| 245 | 1 | 4 |
_aThe function of form / _cFarshid Moussavi ; edited by Daniel Lopez [and four others] |
| 264 | 1 |
_aBarcelona ; _aNew York : _bActar : _bHarvard University, Graduate School of Design, _c[2009] |
|
| 264 | 4 | _cc2009 | |
| 300 |
_a515 pages : _billustrations (some color) ; _c23 cm |
||
| 336 |
_2rdacontent _atext _btxt |
||
| 337 |
_2rdamedia _aunmediated _bn |
||
| 338 |
_2rdacarrier _avolume _bnc |
||
| 650 | 7 |
_911572 _aArchitectural design. _2BUEsh |
|
| 650 | 7 |
_911499 _aArchitecture, Modern. _2BUEsh |
|
| 655 | _vReading book | ||
| 700 | 1 |
_921455 _aLopez, Daniel, _eeditor. |
|
| 942 |
_2ddc _cBB |
||
| 999 |
_c14872 _d14872 |
||